000 00249nam a22001097a 4500
008 170126b xxu||||| |||| 00| 0 eng d
020 _a9780716722823
041 _aeng
080 _22ND
_a61
245 _aRECOMBINANT DNA
_cWATSON, J.D
942 _2udc
_cBK
999 _c3748
_d3748